Bí mật lăng tẩm Triều Minh
Salvato in:
| Autore principale: | |
|---|---|
| Natura: | Libro |
| Lingua: | Undetermined |
| Pubblicazione: |
Hà Nội
Văn Hóa Thông Tin
2002
|
| Soggetti: | |
| Tags: |
Aggiungi Tag
Nessun Tag, puoi essere il primo ad aggiungerne! !
|
| Thư viện lưu trữ: | Trung tâm Học liệu Trường Đại học Cần Thơ |
|---|
| LEADER | 00573nam a2200205Ia 4500 | ||
|---|---|---|---|
| 001 | CTU_87244 | ||
| 008 | 210402s9999 xx 000 0 und d | ||
| 020 | |c 52000 | ||
| 082 | |a 951 | ||
| 082 | |b S312 | ||
| 100 | |a Hồ Hán Sinh | ||
| 245 | 0 | |a Bí mật lăng tẩm Triều Minh | |
| 245 | 0 | |c Hồ Hán Sinh; Hoàng Long, Quốc Đạt dịch | |
| 260 | |a Hà Nội | ||
| 260 | |b Văn Hóa Thông Tin | ||
| 260 | |c 2002 | ||
| 650 | |a china | ||
| 650 | |x history | ||
| 904 | |i Mai Loan | ||
| 980 | |a Trung tâm Học liệu Trường Đại học Cần Thơ | ||